Flags of Separatist Movements in France - Statistics

General Stats
  • This quiz has been taken 32 times
  • The average score is 9 of 15
Answer Stats
Picture Hint Answer % Correct
Island in the Mediterranean Sea Corsica
96%
Celtic inhabitants of Northern France Brittany
89%
Many attempts to breakaway from France New Caledonia
79%
Pyrénées-Orientales Department Catalonia
71%
Nation that is not related to any Europeans Basque Country
68%
Culturally similar to Comoros Mayotte
68%
Island next to Mauritius Réunion
68%
Island in the Caribbean Martinique
61%
Eastern France Alsace
54%
Nord Department Flanders
54%
Known as "French Polynesia" Tahiti
54%
Island in the Caribbean Guadeloupe
50%
Native inhabitants of Southern France Occitania
50%
Germanic inhabitants of Northern France Normandy
43%
Known as "French Guiana" Amazonia
11%
No matching quizzes found
Score Distribution
Percent of People with Each Score
Percentile by Number Answered
Your Score History
You have not taken this quiz